Missing Word: Unpossible Songs Quiz Stats

 Plays Quiz Updated May 5, 2019

Score 0/28 Timer 05:00
5 Plays Today
Song - Artist Missing Word % Correct
Business as _____ - EaglesUsual
88.9%
Down _____ - Men at WorkUnder
85.2%
Shiny _____ People - REMHappy
84.9%
_________ Melody - The Righteous BrothersUnchained
82.1%
It's Not _______ - Tom JonesUnusual
79.1%
I Want to _____ Free - QueenBreak
77.8%
_______ My Heart - Toni BraxtonUn-break
73.3%
_______ to the Rhythm - Katy PerryChained
67.1%
_______ Birthday - The SmithsUnhappy
61.7%
___ Kommissar - After the FireDer
59.6%
____ Lover - Phil Collins and Philip BaileyEasy
59.5%
The ____ I Know the Better - Tame ImpalaLess
58.3%
_____ It's Gone - Linkin ParkUntil
56.9%
_________ Son - Creedence Clearwater RevivalFortunate
56.7%
Song - Artist Missing Word % Correct
Poor ___________ Souls - Pat Carroll*Unfortunate
54.7%
A _______ Woman - Aretha FranklinNatural
54.3%
___ I Hear It from You - Gin BlossomsTil
53%
Somebody ____ Me - The KillersTold
51.8%
______ It's with You - Christina AguileraUnless
49.3%
__ I Wanna Know - Arctic MonkeysDo
48%
______ Rider - Charlie DanielsUneasy
46%
______ Stories - Buju BantonUntold
45.3%
_________ Selection - MuseUnnatural
44.4%
____ It - Carrie UnderwoodUndo
38.7%
Houses of the ____ - Led ZeppelinHoly
37.7%
______ Confessions - Avenged SevenfoldUnholy
31.5%
________ Bop - PoisonUnskinny
30.3%
______ Love - Bon IverSkinny
30%

Today's Daily Dose

Missing Word
Sherlocks

Word Ladder
King of the Hill

Quick Pick
Songs in Pink

Get the Picture
NBA Teammates

You're not logged in!

Compare scores with friends on all Sporcle quizzes.
OR
Log In

Sporcle TV

Today on Sporcle TV


Watch our educational content, quiz creation guides, and fun videos on Sporcle TV.

Show Comments

Extras

Top Quizzes Today


Score Distribution

Your Account Isn't Verified!

In order to create a playlist on Sporcle, you need to verify the email address you used during registration. Go to your Sporcle Settings to finish the process.

Report this User

Report this user for behavior that violates our Community Guidelines.

Details: